Statistics for The biggest immigrant groups in the Czech Republic quiz

Click here to take the quiz!

General Stats

  • This quiz has been taken 152 times
    (40 since last reset)
  • The average score is 23 of 30

Answer Stats

# Immigrants Country % Correct
121,048Slovakia
100%
21,218Germany
100%
8,369United Kingdom
97%
38,800Russia
97%
21,610Poland
97%
7,333United States
94%
3,525Austria
92%
7,717China
92%
147,551Ukraine
92%
16,950Romania
92%
5,575Serbia
89%
4,417France
89%
7,147Belarus
86%
17,230Bulgaria
86%
62,044Vietnam
86%
3,045Croatia
86%
5,686Italy
83%
5,014India
83%
7,730Hungary
81%
2,929Turkey
78%
2,297Bosnia and Herzegovina
72%
3,269Netherlands
69%
9,858Mongolia
56%
6,247Kazakhstan
56%
5,930Moldova
53%
2,360North Macedonia
53%
1,976Armenia
44%
2,343Uzbekistan
42%
2,472South Korea
42%
2,321Philippines
36%

Score Distribution

Percentile by Number Answered

Percent of People with Each Score

Your Score History

You have not taken this quiz since the last reset